000 00348nam a2200133Ia 4500
008 231129s9999||||xx |||||||||||||| ||spa||
020 _a84-2206-7027-8
040 _bspa
082 _a920 P195v
100 _aPanofsky Erwin
245 0 _aVida y arte de Alberto Durero
264 _aAlianza
942 _2ddc
_cBKS
999 _c26288
_d26288